00778nam a22002057a 4500003000500000005001700005008004100022010001000063011001000073035001000083040000900093100003400102245015400136260004000290300002200330502010900352650002100461650003600482710005400518CHAP20220329135510.0971013s1984 r 00010 d a37595 a38567 a42687 cCHAP00aPat Fernández, Juan Manuel. aInfluencia de la localidad, variedad y prácticas culturales en la incidencia del virus del rayado fino del maíz en la zona Coatlinchan, México. aChapingo, Méx. :bEl autor,c1984 a69 h.b: gráfs. aTesis (Ing. Agr. Esp. en Parasitología Agrícola) -- UACH. Departamento de Parasitología Agrícola14aDalbulus maidis.14aMaízxEnfermedades por virus.0 aUACH. Departamento de Parasitología Agrícola.